000 00901nam a2200253 i 4500
001 93168
003 ES-MaACL
005 20250902063059.0
007 t|
008 050408s1975 sp ||||1| spa d
100 1 _aLombroso, Cesare,
_d1835-1909
_9242173
245 1 0 _aLombroso y la escuela positivista italiana /
_cCesare Lombroso ; estudio preliminar de José Luis Peset y Mariano Peset.
260 _aMadrid :
_bInstituto "Arnau de Vilanova",
_c1975.
300 _a745 p. ;
_c19 cm.
490 1 _aClásicos de la Medicina ;
_v51
650 0 7 _aMedicina legal
_2embne
_914928
650 0 7 _aAntropología criminal
_2embne
_99866
700 1 _aPeset, José Luis.
_991433
700 1 _aPeset, Mariano.
_991434
710 2 _aInstituto "Arnau de Vilanova"
_93241
830 0 _aClásicos de la Medicina ;
_v51
_9232080
852 _aES-MaACL
_jE-8952
_bR.93336
999 _c93168
_d93168